Todo Valle-Inclán en Roma (1933-1936) / (Record no. 182635)

MARC details
000 -LEADER
campo de control de longitud fija 01757nam a2200337 i 4500
001 - NÚMERO DE CONTROL
campo de control 182635
003 - IDENTIFICADOR DE NÚMERO DE CONTROL
campo de control ES-MaACL
005 - FECHA Y HORA DE LA ÚLTIMA TRANSACCIÓN
campo de control 20231026164015.0
008 - DATOS DE LONGITUD FIJA--INFORMACIÓN GENERAL
campo de control de longitud fija 131007s2010 sp |||| |dspa d
020 ## - NÚMERO INTERNACIONAL ESTÁNDAR DEL LIBRO
Número Internacional Estándar del Libro 978-84-9887-381-8
080 ## - NÚMERO DE LA CLASIFICACIÓN DECIMAL UNIVERSAL
Número de la Clasificación Decimal Universal 929 Valle-Inclan, Ramón del
080 ## - NÚMERO DE LA CLASIFICACIÓN DECIMAL UNIVERSAL
Número de la Clasificación Decimal Universal 7:061.22(450.621 R.)"19"
245 00 - MENCIÓN DEL TÍTULO
Título Todo Valle-Inclán en Roma (1933-1936) /
Mención de responsabilidad, etc. edición, anotación, índices y facsímiles, Margarita Santos Zas, Francisca Martínez, Carmen Vilchez Ruíz ... [et al.], Grupo de Investigación Valle-Inclán de la USC ; dirigido por Margarita Santos Zas.
246 35 - FORMA VARIANTE DEL TITULO
Texto de visualización Subtít. del CD-ROM
Título propio/Titulo breve El director Valle-Inclán
260 ## - PUBLICACIÓN, DISTRIBUCIÓN, ETC.
Lugar de publicación, distribución, etc. Santiago de Compostela :
Nombre del editor, distribuidor, etc. Universidade de Santiago de Compostela ;
Lugar de publicación, distribución, etc. [Pontevedra] :
Nombre del editor, distribuidor, etc. Deputación de Pontevedra,
Fecha de publicación, distribución, etc. 2010.
300 ## - DESCRIPCIÓN FÍSICA
Extensión 668 p. ;
Dimensiones 24 cm +
Material acompañante/anejo 1 CD-ROM.
490 1# - MENCIÓN DE SERIE
Mención de serie Biblioteca de la Cátedra Valle-Inclán de la Universidade de Santiago de Compostela ;
Designación de volumen o secuencia 5.
Mención de serie Monografías ;
Designación de volumen o secuencia 4-5
504 ## - NOTA DE BIBLIOGRAFÍA, ETC.
Nota de bibliografía, etc. Bibliografía: p. 625-643.
600 17 - PUNTO DE ACCESO ADICIONAL DE MATERIA--NOMBRE DE PERSONA
Nombre de persona Valle-Inclán, Ramón del,
Fechas asociadas al nombre 1866-1936-
Subdivisión de forma Correspondencia
9 (RLIN) 140525
610 24 - PUNTO DE ACCESO ADICIONAL DE MATERIA--NOMBRE DE ENTIDAD CORPORATIVA
Nombre de entidad corporativa o nombre de jurisdicción como elemento de entrada Academia Española de Bellas Artes en Roma.
9 (RLIN) 1194
700 1# - ENTRADA AGREGADA--NOMBRE PERSONAL
Nombre de persona Santos Zas, Margarita.
9 (RLIN) 153564
700 1# - ENTRADA AGREGADA--NOMBRE PERSONAL
Nombre de persona Martínez, Francisca.
9 (RLIN) 153565
700 1# - ENTRADA AGREGADA--NOMBRE PERSONAL
Nombre de persona Vilchez Ruíz, Carmen.
9 (RLIN) 153566
710 2# - ENTRADA AGREGADA--NOMBRE DE ENTIDAD CORPORATIVA
Nombre de entidad corporativa o nombre de jurisdicción como elemento de entrada Universidad de Santiago de Compostela.
Unidad subordinada Cátedra Valle-Inclán.
9 (RLIN) 145239
830 0# - PUNTO DE ACCESO ADICIONAL DE SERIE-TÍTULO UNIFORME
Título uniforme Biblioteca de la Cátedra Valle-Inclán de la Universidade de Santiago de Compostela ;
Designación de volumen o secuencia 5.
Título uniforme Monografías ;
Designación de volumen o secuencia 4-5
9 (RLIN) 224864
852 ## - LOCALIZACIÓN
Ubicación ES-MaACL
Número de control de estantería A-12878
itemnumber 189552
Sublocalización o colección R.149067
Ubicación en estantería Depósito 1
Signatura antigua Olim: N-5878
Encuadernación Donación: Margarita Santos
852 ## - LOCALIZACIÓN
Ubicación ES-MaACL
Número de control de estantería ROT 2/7/15
903 ## - NOMBRE PERSONAL DE DONANTE
9 153564
a Santos Zas, Margarita
e Donante
942 ## - ELEMENTOS DE ENTRADA SECUNDARIOS (KOHA)
Fuente del sistema de clasificación o colocación Clasificación decimal universal
Tipo de ítem Koha Libro impreso
Holdings
Estatus retirado Estado de pérdida Fuente del sistema de clasificación o colocación Estado de daño No para préstamo Biblioteca de origen Biblioteca actual Ubicación en estantería Fecha de adquisición Fuente de adquisición Total de préstamos Signatura topográfica completa Código de barras Visto por última vez Precio de reemplazo Tipo de ítem Koha
    Clasificación decimal universal     Biblioteca del Ateneo de Madrid Biblioteca del Ateneo de Madrid Depósito 1 07/10/2013 Donación   N-12878 1191936 23/02/2023 23/02/2023 Libro impreso
          Biblioteca del Ateneo de Madrid Biblioteca del Ateneo de Madrid Depósito 03/05/2017     ROT 2/7/15 1197508 23/02/2023 23/02/2023 Libro impreso